00840nam a2200205 i 4500001000300000100003300003245012800036260005700164300005700221504002600278650004900304650004600353710004700399020001500446040000800461041000800469080001800477008004100495856009800536bg1 aKLONOWSKA-PROSNAK, Maria Ewa10aMetody spektralne w hydromechanice numerycznej /cMaria E. Klonowska-Prosnak ; Instytut Oceanologii Polskiej Akademii Nauk. aGdańsk :bWydaw. Uniwersytetu Gdańskiego,c2004. a598, [2] s. :brys., tab., wykr. ;c24 cm +eCD-ROM. aBibliogr. przy rozdz. 9aMechanika płynówxbadaniexkomputeryzacja 9aAnaliza numerycznaxstosowaniexmechanika 0aPolska Akademia NaukbInstytut Oceanologii a8373261508 cBPK0 apol a532:004:519.6 s pl f |000 0 pol  uhttp://koha.tu.koszalin.pl/cgi-bin/koha/opac-detail.pl?biblionumber=44053yKatalog online BPK